La Seguridad electoral y los procesos de auditoría /
Gespeichert in:
| 1. Verfasser: | |
|---|---|
| Format: | Text |
| Schlagworte: | |
| Tags: |
Tag hinzufügen
Keine Tags, Fügen Sie den ersten Tag hinzu!
|
MARC
| LEADER | 00000 a a2200000 04500 | ||
|---|---|---|---|
| 001 | 2016 | ||
| 003 | |||
| 040 | |||
| 100 | |a Estrada Villegas, José Eduardo | ||
| 245 | |a La Seguridad electoral y los procesos de auditoría / |c José Eduardo Estrada Villegas | ||
| 650 | |a SISTEMAS ELECTORALES | ||
| 650 | |a MODERNIZACION | ||
| 650 | |a SEGURIDAD | ||
| 650 | |a INFORMATICA | ||
| 650 | |a DISPOSITIVOS DE SEGURIDAD | ||
| 650 | |a REGISTRO CIVIL | ||
| 650 | |a RIESGO | ||
| 650 | |a DELITO INFORMATICO | ||
| 650 | |a AUDITORIA | ||
| 773 | |g número 21; páginas 177-197 | ||
| 999 | |c 37216 |d 37216 | ||
